[Event "WTCC-50 2018"]
[Site "Radebeul"]
[Date "2018.07.07"]
[Round "1"]
[White "Dieterle Bard, Bernhard"]
[Black "Arkell, Keith C"]
[Result "0-1"]
[WhiteElo "1960"]
[BlackElo "2406"]
[Annotator "NA"]
[PlyCount "52"]
[EventDate "2018.07.07"]
[EventType "team-tourn"]
[EventCountry "GER"]
[SourceTitle "playchess.com"]
[Source "ChessBase"]
[SourceQuality "1"]
[TimeControl "40/5400+30:1800+30"]

1. e4 {[%emt 0:00:00]} c6 {[%emt 0:00:00]} 2. d4 {[%emt 0:00:06]} d5 {[%emt 0:00:00]} 3. e5 {[%emt 0:01:02]} c5 {[%emt 0:00:00]} 4. dxc5 {[%emt 0:00:42]} Nc6 {[%emt 0:00:00]} 5. Bb5 {[%emt 0:00:57]} e6 {[%emt 0:00:03]} 6. b4 {[%emt 0:01:39]} Qh4 {[%emt 0:02:14]} 7. c3 {[%emt 0:22:33]} Qe4+ {[%emt 0:00:06]} 8. Qe2 {[%emt 0:00:26]} Qxg2 {[%emt 0:00:11]} 9. Qf3 {[%emt 0:00:23]} Qxf3 {[%emt 0:00:09]} 10. Nxf3 {[%emt 0:00:01]} Bd7 {[%emt 0:00:17]} 11. Bxc6 {[%emt 0:07:05]} Bxc6 {[%emt 0:00:05]} 12. a4 {[%emt 0:01:36]} d4 {[%emt 0:00:57]} 13. Ke2 {[%emt 0:02:55]} d3+ {[%emt 0:12:01]} 14. Ke3 {[%emt 0:00:02]} Ne7 {[%emt 0:01:40]} 15. Nbd2 {[%emt 0:03:06]} Rd8 {[%emt 0:04:15]} 16. Rg1 {[%emt 0:15:32]} Nd5+ {[%emt 0:03:18]} 17. Kxd3 {[%emt 0:04:09]} Nxb4+ {[%emt 0:00:25]} 18. Kc4 {[%emt 0:02:41]} Nd3 {[%emt 0:04:46]} 19. Ba3 {[%emt 0:06:43]} Nxf2 {[%emt 0:01:33]} 20. Nd4 {[%emt 0:02:02]} Bd5+ {[%emt 0:02:13]} 21. Kb5 {[%emt 0:02:20]} Nd3 {[%emt 0:01:18]} 22. N2f3 {[%emt 0:04:08]} Rc8 {[%emt 0:01:19]} 23. c4 {[%emt 0:05:00]} Bxf3 {[%emt 0:00:52]} 24. Nxf3 {[%emt 0:00:02]} Bxc5 {[%emt 0:00:46]} 25. Rgd1 {[%emt 0:02:55]} Bxa3 {[%emt 0:00:18]} 26. Rxa3 {[%emt 0:01:35]} Rc5# {[%emt 0:00:06]} 0-1

[Event "WTCC-50 2018"]
[Site "Radebeul"]
[Date "2018.07.07"]
[Round "1"]
[White "Maes, Patrick"]
[Black "Meister, Jakob"]
[Result "0-1"]
[WhiteElo "1911"]
[BlackElo "2432"]
[Annotator "TA"]
[PlyCount "52"]
[EventDate "2018.07.07"]
[EventType "team-tourn"]
[EventCountry "GER"]
[SourceTitle "playchess.com"]
[Source "ChessBase"]
[SourceQuality "1"]

{[%evp 13,52,-30,-14,-59,-59,-70,-63,-47,-56,-68,-54,-103,-116,-106,-99,-118,-121,-109,-103,-103,-106,-134,-104,-147,-135,-262,-255,-325,-313,-323,-294,-691,-701,-1161,-905,-1065,-1054,-1039,-1043,-893,-997]} 1. e4 c5 2. d3 Nc6 3. Nd2 d5 4. Ngf3 Nf6 5. g3 e5 6. Bg2 d4 7. O-O Bd6 {LiveBook: 12 Games} 8. Ng5 {A08: King's Indian Attack} (8. Nc4 O-O 9. Nxd6 Qxd6 10. Nh4 Rb8 11. h3 b5 12. f4 c4 13. fxe5 Nxe5 14. Bg5 Ne8 15. Nf5 Bxf5 16. exf5 {½-½ (66) Grigoryan,K (2571)-Ni,H (2670) chess.com INT 2018}) 8... h6 $146 ({Predecessor:} 8... O-O 9. Nc4 Bc7 10. f4 exf4 11. Bxf4 Bxf4 12. Rxf4 Qe7 13. Qd2 Ng4 14. h4 h6 15. Nh3 b5 {0-1 (31) Hoefer,H (1692)-Ventimiglia,C (1814) IECC email 1999}) 9. Nh3 g5 {[#] aiming for ...g4.} 10. f3 {Black is slightly better.} Be6 11. Nc4 Bc7 12. a4 Qd7 13. Nf2 O-O-O 14. Bd2 {[#]} Ne8 $1 15. Qe2 f6 16. Rfb1 Nd6 17. Na3 a6 18. c3 Kb8 19. b4 (19. Be1 $17) 19... dxc3 $19 {[%cal Bd4c3,Bc3d2][%mdl 32]} 20. bxc5 cxd2 21. cxd6 Bxd6 {[%cal Bc7d6,Bd6a3,Ba3c5][%mdl 32]} 22. d4 $2 (22. Qxd2 Bc5 23. Rc1) 22... Nxd4 {Black is clearly winning.} 23. Qxa6 Nb3 24. Rxb3 Bxb3 25. Qb6 Bxa3 26. Qxb3 Bc5 {Precision: White = 26%, Black = 86%.} 0-1

[Event "WTCC-50 2018"]
[Site "Radebeul"]
[Date "2018.07.07"]
[Round "1"]
[White "Hahn, Andreas"]
[Black "Findlay, Ian T"]
[Result "0-1"]
[WhiteElo "1863"]
[BlackElo "2244"]
[Annotator "NA"]
[PlyCount "78"]
[EventDate "2018.07.07"]
[EventType "team-tourn"]
[EventCountry "GER"]
[SourceTitle "playchess.com"]
[Source "ChessBase"]
[SourceQuality "1"]
[TimeControl "40/5400+30:1800+30"]

1. e4 {[%emt 0:02:19]} c5 {[%emt 0:00:00]} 2. Nf3 {[%emt 0:00:25]} d6 {[%emt 0:00:00]} 3. Bc4 {[%emt 0:00:23]} Nc6 {[%emt 0:00:12]} 4. Nc3 {[%emt 0:01:04]} g6 {[%emt 0:00:23]} 5. h3 {[%emt 0:01:06]} Bg7 {[%emt 0:00:11]} 6. O-O {[%emt 0:00:28]} Nf6 {[%emt 0:00:25]} 7. d3 {[%emt 0:00:23]} O-O {[%emt 0:00:28]} 8. a3 {[%emt 0:01:16]} a6 {[%emt 0:03:36]} 9. Ne2 {[%emt 0:01:51]} d5 {[%emt 0:01:16]} 10. exd5 {[%emt 0:01:18]} Nxd5 {[%emt 0:00:06]} 11. c3 {[%emt 0:00:12]} b5 {[%emt 0:01:51]} 12. Ba2 {[%emt 0:00:11]} Bb7 13. Be3 {[%emt 0:03:05]} Qd6 {[%emt 0:13:08]} 14. Qc2 {[%emt 0:06:21]} Ne5 {[%emt 0:05:59]} 15. Nxe5 {[%emt 0:03:43]} Qxe5 {[%emt 0:00:23]} 16. Bc1 {[%emt 0:07:14]} Rad8 {[%emt 0:03:12]} 17. f4 {[%emt 0:05:13]} Qd6 {[%emt 0:21:43]} 18. f5 {[%emt 0:05:24]} Qe5 {[%emt 0:04:08]} 19. fxg6 {[%emt 0:05:28]} hxg6 {[%emt 0:00:20]} 20. d4 {[%emt 0:03:17]} cxd4 {[%emt 0:03:28]} 21. Nxd4 {[%emt 0:01:29]} Ne3 {[%emt 0:02:59]} 22. Bxe3 {[%emt 0:01:29]} Qxe3+ {[%emt 0:00:03]} 23. Rf2 {[%emt 0:01:28]} e6 {[%emt 0:07:04]} 24. Nf3 {[%emt 0:06:48]} Bxf3 {[%emt 0:03:12]} 25. gxf3 {[%emt 0:00:13]} Rd7 {[%emt 0:01:57]} 26. Qe4 {[%emt 0:01:16]} Qc5 {[%emt 0:00:55]} 27. h4 {[%emt 0:03:37]} Rd2 {[%emt 0:02:52]} 28. Raf1 {[%emt 0:00:48]} Rxb2 {[%emt 0:00:17]} 29. Kg2 {[%emt 0:02:16]} Qxa3 {[%emt 0:03:17]} 30. Bxe6 {[%emt 0:05:57]} Rxf2+ {[%emt 0:00:50]} 31. Kxf2 {[%emt 0:01:52]} Qc5+ {[%emt 0:00:36]} 32. Kg2 {[%emt 0:00:48]} fxe6 {[%emt 0:01:29]} 33. Qxe6+ {[%emt 0:00:50]} Kh7 {[%emt 0:00:08]} 34. Qxa6 {[%emt 0:05:21]} Re8 {[%emt 0:01:38]} 35. Qb7 {[%emt 0:02:10]} Re2+ {[%emt 0:00:29]} 36. Kg3 {[%emt 0:01:11]} Qe5+ {[%emt 0:02:36]} 37. f4 {[%emt 0:02:35]} Qxc3+ {[%emt 0:01:18]} 38. Kg4 {[%emt 0:00:26]} Re3 {[%emt 0:01:47]} 39. Rg1 {[%emt 0:01:35]} Qc5 {[%emt 0:00:17]} 0-1

[Event "WTCC-50 2018"]
[Site "Radebeul"]
[Date "2018.07.10"]
[Round "4"]
[White "Shabalov, Alexander"]
[Black "Speelman, Jon S"]
[Result "1/2-1/2"]
[WhiteElo "2567"]
[BlackElo "2493"]
[Annotator "TA"]
[PlyCount "109"]
[EventDate "2018.07.07"]
[EventType "team-tourn"]
[EventCountry "GER"]
[SourceTitle "playchess.com"]
[Source "ChessBase"]
[SourceQuality "1"]

{[%evp 23,109,25,33,9,30,18,27,27,39,41,59,0,56,56,73,62,80,79,91,89,90,89,97,64,74,76,72,-30,18,0,50,-8,0,-12,-20,-127,0,-79,-71,-104,-118,-116,-109,-83,-22,-27,-23,-95,-95,-153,-170,-160,-158,-165,-145,-151,-102,-101,-91,-97,-90,-220,-227,-441,-112,-436,-112,-117,-112,-104,-104,-108,-114,-124,-63,-63,-63,-63,-63,-63,-8,-8,-8,-8,-8,-8,0,0]} 1. c4 e6 2. d4 Nf6 3. Nf3 Bb4+ 4. Nbd2 b6 5. a3 Bxd2+ 6. Qxd2 Bb7 7. e3 O-O 8. Be2 a5 9. b3 d6 10. O-O Nbd7 11. Bb2 Qe7 12. Rad1 {E14: Queen's Indian: Classical Variation (4 e3)} Rfd8 {LiveBook: 11 Games} 13. Rc1 $146 ({Predecessor:} 13. Qc3 d5 14. cxd5 Nxd5 15. Qc2 c5 16. Bc4 N5f6 17. Qe2 a4 18. dxc5 bxc5 19. bxa4 Rxa4 {½-½ (52) Roiz,M (2651)-Kortschnoj,V (2567) Porto Carras 2011}) 13... Nf8 14. Ne1 {White has an edge.} e5 15. Nc2 Ng6 16. f3 c5 17. Rce1 (17. d5 $14) 17... Re8 (17... a4 $11) 18. d5 $14 e4 19. f4 $1 a4 20. b4 Bc8 21. Rb1 Bd7 22. Ba1 Reb8 23. Ne1 Ne8 24. g4 Nh4 25. Bd1 (25. Kh1 $16) 25... h6 26. Qf2 f5 27. h3 (27. Qg3 $14) 27... cxb4 28. Rxb4 b5 29. Qg3 (29. cxb5 $11 Nc7 30. Bxa4 (30. b6 Nxd5 31. Qd2 Nxb4 $15)) 29... fxg4 (29... bxc4 $17 30. Rxb8 Rxb8) 30. hxg4 (30. Bxg4 $11 {was the only way to keep the balance.} Bxg4 31. Qxg4) 30... bxc4 $17 31. Nc2 {[#]} Nf3+ $1 {[%mdl 512]} 32. Bxf3 exf3 33. Qxf3 Rxb4 (33... Nf6 $17 34. Rfb1 Rxb4 35. Rxb4 Nxg4) 34. Nxb4 $11 Qh4 35. e4 (35. g5 $1 $11 {remains equal.}) 35... Bxg4 $17 36. Qf2 ({White should play} 36. Qe3) 36... Qh3 37. Qg2 {With the idea Qxh3.} Qe3+ 38. Kh2 h5 $36 {[%mdl 2048] Black has strong initiative.} 39. Bb2 Nf6 {...c3 is the strong threat.} 40. e5 dxe5 41. fxe5 c3 $1 42. exf6 (42. Bxc3 $17 {was the only chance.} Qxc3 43. exf6) 42... cxb2 $19 43. Qxb2 $2 (43. f7+ {is the only way for White.} Kh7 44. Qxb2 (44. f8=R $2 Rxf8 45. Qc2+ Rf5 $19) 44... Qh3+ 45. Kg1) 43... Qh3+ 44. Kg1 {Black must now prevent f7+.} Rf8 $2 (44... Bf3 $1 $19 {( -> ...Qg3+)} 45. Qh2 Qg4+ 46. Kf2 Re8) 45. Qe5 $17 {[#]} Bf3 $1 {[%csl Gf3][%cal Rh3g2]} 46. Qe6+ Qxe6 47. dxe6 Rxf6 {[%mdl 4096] Endgame KRB-KRN} 48. Nd3 {[#]} Bc6 ({Better is} 48... Rg6+ $1 $17 49. Kh2 Bc6) 49. Rxf6 $15 gxf6 {KB-KN} 50. Nf4 h4 51. Kh2 f5 ({Black should try} 51... Kf8 $15) 52. Kh3 $11 {The position is equal.} Kg7 53. Kxh4 {Hoping for Kg5.} Kf6 54. Kg3 Ke5 55. e7 {Precision: White = 48%, Black = 45%.} 1/2-1/2

[Event "WTCC-50 2018"]
[Site "Radebeul"]
[Date "2018.07.10"]
[Round "4"]
[White "Graf, Alexander"]
[Black "Schlosser, Philipp"]
[Result "1/2-1/2"]
[WhiteElo "2561"]
[BlackElo "2501"]
[Annotator "TA"]
[PlyCount "87"]
[EventDate "2018.07.07"]
[EventType "team-tourn"]
[EventCountry "GER"]
[SourceTitle "playchess.com"]
[Source "ChessBase"]
[SourceQuality "1"]

{[%evp 17,87,-4,13,0,0,17,13,-4,52,10,37,10,18,10,17,6,7,2,60,64,56,2,0,0,4,-199,-159,-146,-163,-161,-135,-136,-128,-157,-116,-148,-97,-97,-97,-97,-97,-94,-85,-96,-95,-95,-96,-106,-107,-107,-95,-95,-85,-84,-83,-89,-87,-85,-104,-251,-4,-5,-1,-6,0,0,0,0,0,0,0,0]} 1. Nf3 c5 2. c4 Nc6 3. Nc3 g6 4. e3 Nf6 5. d4 cxd4 6. exd4 d5 7. cxd5 Nxd5 8. Qb3 e6 9. Bc4 {A35: Symmetrical English: 2 Nc3 Nc6 3 Nf3} (9. Bb5 Bg7 10. O-O O-O 11. Bxc6 bxc6 12. Re1 Qd6 13. Ne4 Qb4 14. Qc2 a5 15. a3 Qb6 16. Nc5 Re8 17. Ne5 f6 {1-0 (33) Giri,A (2752)-Mamedyarov,S (2804) Wijk aan Zee 2018}) 9... Nb6 {LiveBook: 3 Games} 10. O-O $146 {[%cal Bh1f1,Bf1d1,Bd1d5][%mdl 32]} ({Predecessor:} 10. Bb5 Bg7 11. Bg5 f6 12. Be3 O-O 13. O-O Ne7 14. Rfe1 Nbd5 15. Bd2 g5 16. h3 h5 {½-½ (36) Belous,V (2567)-Perez,R (2365) Philadelphia 2017}) 10... Nxc4 11. Qxc4 {aiming for d5.} Bg7 $1 {[%cal Rc6d4]} 12. Bg5 f6 (12... Qa5 $1 $11) 13. Be3 Ne7 14. d5 Nxd5 15. Rfd1 {[%cal Rc3d5]} O-O 16. Nxd5 exd5 17. Qb3 {Bc5 is the strong threat.} Rf7 (17... a5 $11) 18. Rxd5 $14 Qe8 $1 19. Bc5 (19. Rd6 $14) 19... Be6 $11 20. Re1 Bf8 $36 {[%mdl 2048] Black has good play.} 21. Qd3 $2 (21. Bxf8 $1 $11 Rxf8 22. Qd3 (22. Qxb7 Bxd5 23. Qxd5+ Qf7 $17)) 21... Qc6 22. Rd8 Bf5 23. Rxf8+ Raxf8 24. Qe3 Rd8 25. Bxa7 Qa4 26. a3 Rd1 ({Black should play} 26... Rd3 $1 {[%cal Rd3e3]} 27. Qe8+ Qxe8 28. Rxe8+ Kg7) 27. Bd4 Rxe1+ 28. Nxe1 Qc6 29. Bc3 Qe4 30. Qb6 Qe6 31. Qd8+ Kg7 32. h3 Rd7 33. Qb8 Be4 34. Qf4 Bc6 35. Nc2 Kf7 36. Ne3 {[#]} g5 $1 {[%cal Rg5f4]} 37. Qb8 h5 38. h4 {[#]} (38. Qh8 $17 {was called for.} Kg6 39. Qf8) 38... gxh4 $2 (38... Qe4 $1 $19 {( -> ...Rd1+!)} 39. Qg3 gxh4) 39. Qf4 $1 {The position is equal.} h3 40. Qh6 hxg2 {Threatens to win with ...Qf5!} 41. Qh7+ $1 Ke8 42. Qh8+ $1 Kf7 {Strongly threatening ...Kg6.} (42... Ke7 $5) 43. Qh7+ $1 Ke8 44. Qh8+ $1 {Precision: White = 49%, Black = 54%.} 1/2-1/2

[Event "WTCC-50 2018"]
[Site "Radebeul"]
[Date "2018.07.10"]
[Round "4"]
[White "Boensch, Uwe"]
[Black "Jussupow, Artur"]
[Result "1/2-1/2"]
[WhiteElo "2560"]
[BlackElo "2580"]
[Annotator "TA"]
[PlyCount "117"]
[EventDate "2018.07.07"]
[EventType "team-tourn"]
[EventCountry "GER"]
[SourceTitle "playchess.com"]
[Source "ChessBase"]
[SourceQuality "1"]

{[%evp 14,117,25,16,29,29,18,20,24,4,11,-11,-15,-7,-8,-12,0,0,0,-29,-27,-35,-29,-30,-9,-12,0,0,8,0,7,0,0,-7,-6,-26,8,-30,-19,-29,-27,-62,-71,-68,-69,-130,-113,-90,-58,-60,-27,-45,-30,-84,-65,-78,-55,-36,0,0,0,-206,0,0,170,0,0,0,3,4,4,4,4,0,0,0,0,0,0,0,0,0,0,0,0,0,0,0,0,0,0,0,0,0,0,0,0,0,0,0,0,0,0,0,0,0]} 1. d4 d5 2. c4 c6 3. Nf3 Nf6 4. Nc3 e6 5. Qb3 Nbd7 6. g3 Bd6 7. Bg2 O-O 8. O-O {LiveBook: 58 Games} Rb8 {D43: Semi-Slav: 5 Bg5 h6} 9. Nd2 $146 {[#]} ({Predecessor:} 9. a4 Qb6 10. Qa2 dxc4 11. Qxc4 a5 12. Rd1 e5 13. d5 Bc5 14. e3 e4 15. Nxe4 Nxd5 16. Bd2 Be7 17. Qc2 N7f6 18. Ne5 Nb4 19. Bxb4 Qxb4 20. Rd4 Qb6 21. Rad1 Be6 {½-½ (21) Bui,V (2467)-Duong,T (2288) Ha Long City 2004}) 9... b5 $1 {[%mdl 512]} 10. c5 (10. cxb5 cxb5) 10... Bc7 11. e4 b4 12. Na4 Ba6 13. Re1 dxe4 14. Nxe4 Nxe4 15. Bxe4 Bb5 16. Be3 Nf6 17. Bg2 Nd5 18. a3 a5 19. axb4 axb4 20. Bd2 h5 21. Qd1 g6 22. Bh6 Re8 23. h4 Ra8 24. Be4 Qf6 25. Bc2 Ra6 26. Bg5 Qg7 27. Rc1 Rea8 {[%cal Rb5a4]} 28. b3 Bd8 29. Be4 (29. Re5 $15) 29... Bxg5 $17 30. hxg5 {Bxd5 would now be nice for White.} Bxa4 31. Bxd5 exd5 32. bxa4 Rxa4 {Strongly threatening ...h4!} 33. Re5 (33. Rb1 $11) 33... Qf8 34. Rb1 Qb8 35. Kg2 Ra3 36. Qd2 b3 {aiming for ...Ra1.} 37. Qf4 $2 {[#]} (37. Re3 $11) 37... Qd8 $2 (37... Ra1 $1 $19 {[%cal Ra1b1]} 38. Rb2 Qb5) 38. Re3 $11 Rb8 $2 {[#]} (38... Qd7 $11 {and Black is okay.}) 39. Rf3 $2 (39. g4 $1 $18) 39... Rb7 {The position is equal.} 40. Re3 Ra8 {...b2 is the strong threat.} (40... Qf8 {with more complications.} 41. Qf6 Qc8 42. Rb2 Rb8 43. Re7 Qf8) 41. Rexb3 Rxb3 42. Rxb3 {[%mdl 4096] Endgame KQR-KQR} Qd7 43. Qf6 Re8 44. Rb6 Re6 45. Rb8+ Re8 46. Qd6 Qxd6 47. Rxe8+ {[#]} Qf8 $1 {[%cal Rf8e8][%mdl 512]} 48. Rxf8+ Kxf8 {KP-KP} 49. g4 hxg4 50. Kg3 Ke8 51. Kxg4 Ke7 52. Kf4 Ke6 53. f3 f5 54. gxf6 Kxf6 55. Kg4 $1 g5 56. f4 gxf4 57. Kxf4 Ke6 58. Kg5 Ke7 59. Kf5 {Precision: White = 45%, Black = 64%.} 1/2-1/2

[Event "WTCC-50 2018"]
[Site "Radebeul"]
[Date "2018.07.10"]
[Round "4"]
[White "Ehlvest, Jaan"]
[Black "Plaskett, H James"]
[Result "1/2-1/2"]
[WhiteElo "2536"]
[BlackElo "2455"]
[Annotator "TA"]
[PlyCount "125"]
[EventDate "2018.07.07"]
[EventType "team-tourn"]
[EventCountry "GER"]
[SourceTitle "playchess.com"]
[Source "ChessBase"]
[SourceQuality "1"]

{[%evp 25,125,25,18,25,21,26,23,27,26,18,38,32,33,35,27,33,40,8,28,0,0,0,0,0,43,45,37,0,0,-7,13,20,28,29,43,24,25,18,15,15,17,16,75,63,89,12,14,0,0,0,0,0,0,0,0,0,0,0,0,0,0,-3,0,-3,-2,-2,-2,-4,8,0,8,8,8,8,8,10,66,66,66,66,66,66,66,66,66,66,66,66,66,66,66,66,66,66,66,66,66,66,66,66,66,66]} 1. Nf3 Nf6 2. c4 c5 3. Nc3 e6 4. e3 Nc6 5. d4 d5 6. a3 a6 7. dxc5 Bxc5 8. b4 Ba7 9. Bb2 O-O 10. Be2 Qe7 {D40: Damengambit (Verbesserte Tarrasch-Verteidigung)} 11. O-O dxc4 12. Bxc4 b5 13. Bd3 Bb7 {LiveBook: 7 Partien} 14. Ne4 Nxe4 15. Bxe4 Rac8 16. Rc1 Rfd8 17. Qe2 h6 $146 ({Vorgänger:} 17... Nb8 18. Bb1 Nd7 19. Rxc8 Rxc8 {½-½ (48) Efimov,I (2537)-Ristic,N (2435) Lido Estensi 2000}) 18. h3 Nb8 19. Rxc8 Rxc8 20. Bxb7 Qxb7 21. Rd1 Nc6 22. Nh4 Bb8 23. Qh5 Qe7 24. Nf3 {[%cal Bh4f3,Bf3d2,Bd2e4][%mdl 32]} e5 (24... Rd8 {with more complications.} 25. Rc1 Qd6 26. g3 e5 27. Qg4 f6) 25. Qf5 Qe8 26. Rc1 f6 27. Nd2 Bd6 28. Ne4 Bf8 $1 29. f4 Rd8 30. fxe5 Nxe5 31. Rc7 {[#] Weiss will mit Sxf6+! Matt setzen.} Qg6 32. Qxg6 $1 Nxg6 33. Bd4 Ne7 (33... Nf4 $11 {bleibt in der Remisbreite.}) 34. Kf2 Nf5 35. Bc5 (35. Bxf6 $1 $16 Rd3 36. Rc3) 35... Re8 $11 36. Bxf8 (36. Nd2 {keeps more tension.} Bxc5 37. bxc5 Kf8 38. Nf3 Nxe3 39. c6) 36... Kxf8 {[%mdl 4096] Endspiel KTS-KTS} 37. Nc5 Nxe3 38. Nxa6 Nd1+ 39. Kf1 h5 40. Nc5 h4 41. Rb7 Nc3 42. Kf2 Re7 43. Rb8+ Kf7 44. Rh8 Nd1+ 45. Kf1 $1 Ne3+ 46. Kf2 Nf5 47. Rd8 Ra7 48. a4 bxa4 {[#] Weiss muss nun ...a3 beachten.} 49. b5 {b6 ist eine echte Drohung.} Ra5 $132 {[%mdl 2048] zielt auf ...a3 ab. Schwarz is fighting back} 50. b6 $1 {[%cal Rb6b7]} Rxc5 {KTS-KT} ({Günstiger ist} 50... Nd6 $11) 51. b7 $14 {Weiß steht etwas besser.} Rc2+ 52. Ke1 Rb2 53. b8=Q Rxb8 54. Rxb8 {KT-KS} a3 55. Kd2 Ne7 56. Rb7 Ke6 57. Ra7 g5 58. Rxa3 Nf5 59. Ke2 Kf7 60. Ra6 Kg6 61. Kd3 Ng7 62. Ke4 Nh5 63. Kf3 {Precision: Weiß = 64%, Schwarz = 68%.} 1/2-1/2

[Event "WTCC-50 2018"]
[Site "Radebeul"]
[Date "2018.07.10"]
[Round "4"]
[White "Emms, John M"]
[Black "Benjamin, Joel"]
[Result "1-0"]
[WhiteElo "2488"]
[BlackElo "2544"]
[Annotator "TA"]
[PlyCount "27"]
[EventDate "2018.07.07"]
[EventType "team-tourn"]
[EventCountry "GER"]
[SourceTitle "playchess.com"]
[Source "ChessBase"]
[SourceQuality "1"]

{[%evp 14,27,40,29,41,35,34,34,42,10,48,35,97,97,137,129]} 1. e4 c5 2. c3 d5 3. exd5 Qxd5 4. Nf3 Nc6 5. Na3 Bg4 6. Be2 {B22: Sicilian: 2 c3} Nf6 7. d3 e6 8. Nc4 {LiveBook: 5 Games. White is slightly better.} Qd7 $146 ({Predecessor:} 8... Be7 9. Qa4 O-O 10. Ne3 Qh5 11. Nxg4 Qxg4 12. Qxg4 Nxg4 {½-½ (39) Zelbel,P (2405)-Abasov,N (2527) Bilbao 2014}) 9. Qb3 {[#] Threatens to win with Nfe5.} Bxf3 10. Bxf3 ({Much worse is} 10. gxf3 Nd5 $15) 10... Nd5 11. Bg5 Rc8 12. O-O Be7 ({Black should play} 12... b6 $14) 13. Bxe7 $16 Kxe7 14. Qa3 1-0

[Event "WTCC-50 2018"]
[Site "Radebeul"]
[Date "2018.07.10"]
[Round "4"]
[White "Levin, Felix"]
[Black "Bischoff, Klaus"]
[Result "1-0"]
[WhiteElo "2468"]
[BlackElo "2510"]
[Annotator "ChessBase"]
[PlyCount "99"]
[EventDate "2018.07.07"]
[EventType "team-tourn"]
[EventCountry "GER"]
[SourceTitle "playchess.com"]
[Source "ChessBase"]
[SourceQuality "1"]
[TimeControl "40/5400+30:1800+30"]

1. d4 {[%emt 0:00:00]} d6 {[%emt 0:00:00]} 2. Nf3 {[%emt 0:00:43]} g6 {[%emt 0:00:55]} 3. g3 {[%emt 0:02:04]} Bg7 {[%emt 0:00:39]} 4. Bg2 {[%emt 0:00:06]} c5 {[%emt 0:07:21]} 5. O-O {[%emt 0:14:01]} cxd4 {[%emt 0:02:58]} 6. Nxd4 {[%emt 0:00:17]} Qb6 {[%emt 0:01:54]} 7. Nb3 {[%emt 0:01:46]} Qc7 {[%emt 0:03:06]} 8. e4 {[%emt 0:11:05]} Nd7 {[%emt 0:05:28]} 9. Re1 {[%emt 0:00:56]} a6 {[%emt 0:11:33]} 10. a4 {[%emt 0:03:16]} Ngf6 {[%emt 0:04:10]} 11. Nc3 {[%emt 0:01:38]} e6 {[%emt 0:00:57]} 12. a5 {[%emt 0:04:39]} Ne5 {[%emt 0:01:27]} 13. Na4 {[%emt 0:14:55]} Nfd7 {[%emt 0:05:37]} 14. Be3 {[%emt 0:11:47]} Nc4 {[%emt 0:02:11]} 15. Bd4 {[%emt 0:01:08]} e5 {[%emt 0:00:31]} 16. Bc3 {[%emt 0:01:09]} Nf6 {[%emt 0:00:26]} 17. Bf1 {[%emt 0:02:07]} Bg4 {[%emt 0:02:57]} 18. f3 {[%emt 0:03:27]} Be6 {[%emt 0:00:42]} 19. Bxc4 {[%emt 0:01:11]} Bxc4 {[%emt 0:00:06]} 20. Nb6 {[%emt 0:00:06]} Rd8 {[%emt 0:00:05]} 21. Bb4 {[%emt 0:02:30]} Be6 {[%emt 0:06:46]} 22. c4 {[%emt 0:04:16]} h5 {[%emt 0:01:41]} 23. Qd3 {[%emt 0:04:30]} Bf8 {[%emt 0:06:11]} 24. Bd2 {[%emt 0:02:04]} Be7 {[%emt 0:00:48]} 25. Be3 {[%emt 0:00:36]} Kf8 {[%emt 0:07:39]} 26. Rac1 {[%emt 0:03:41]} Kg7 {[%emt 0:00:13]} 27. Nd2 {[%emt 0:01:46]} h4 {[%emt 0:02:44]} 28. g4 {[%emt 0:00:13]} Nh7 {[%emt 0:00:08]} 29. b4 {[%emt 0:01:40]} Bg5 {[%emt 0:01:31]} 30. Nf1 {[%emt 0:02:46]} Qe7 {[%emt 0:00:23]} 31. Nd5 {[%emt 0:01:00]} Bxd5 {[%emt 0:01:08]} 32. cxd5 {[%emt 0:00:11]} Qf6 {[%emt 0:00:39]} 33. Nd2 {[%emt 0:00:36]} Rc8 {[%emt 0:00:15]} 34. Rc3 {[%emt 0:02:35]} Bxe3+ {[%emt 0:03:14]} 35. Rxe3 {[%emt 0:00:37]} Rxc3 {[%emt 0:00:26]} 36. Qxc3 {[%emt 0:00:02]} Qf4 {[%emt 0:00:07]} 37. Nf1 {[%emt 0:00:50]} Ng5 {[%emt 0:00:06]} 38. Kg2 {[%emt 0:00:49]} Nxf3 {[%emt 0:05:01]} 39. Rxf3 {[%emt 0:00:07]} Qxg4+ {[%emt 0:00:07]} 40. Kf2 {[%emt 0:00:53]} Qxe4 {[%emt 0:00:06]} 41. Ne3 {[%emt 0:30:28]} Rf8 {[%emt 0:35:55]} 42. Qc4 {[%emt 0:01:01]} Qb1 {[%emt 0:00:57]} 43. Qxh4 {[%emt 0:00:33]} Qb2+ {[%emt 0:00:32]} 44. Kg1 {[%emt 0:00:00]} e4 {[%emt 0:00:00]} 45. Nf5+ {[%emt 0:00:00]} Kg8 {[%emt 0:00:00]} 46. Qxe4 {[%emt 0:00:00]} Qc1+ {[%emt 0:00:00]} 47. Rf1 {[%emt 0:00:00]} Qg5+ {[%emt 0:00:00]} 48. Ng3 {[%emt 0:00:00]} f5 {[%emt 0:00:00]} 49. Qe6+ {[%emt 0:00:00]} Kg7 {[%emt 0:00:00]} 50. Kh1 {[%emt 0:00:00]} 1-0

[Event "WTCC-50 2018"]
[Site "Radebeul"]
[Date "2018.07.10"]
[Round "4"]
[White "Enders, Peter"]
[Black "Fritsche, Lutz"]
[Result "1-0"]
[WhiteElo "2445"]
[BlackElo "2303"]
[Annotator "TA"]
[PlyCount "57"]
[EventDate "2018.07.07"]
[EventType "team-tourn"]
[EventCountry "GER"]
[SourceTitle "playchess.com"]
[Source "ChessBase"]
[SourceQuality "1"]

{[%evp 12,57,5,-13,-6,-10,-4,-23,-16,-10,0,-8,23,-10,6,-16,19,2,4,-10,-18,-30,0,0,0,0,39,38,37,31,42,43,56,56,58,28,409,405,403,408,446,476,500,426,570,583,571,554]} 1. b3 e5 {[%cal Be7e5,Be5e4][%mdl 32]} 2. Bb2 Nc6 3. e3 Nf6 4. Nf3 e4 5. Nd4 Nxd4 6. Bxd4 Be7 {A01: Nimzowitsch-Larsen Opening} 7. d3 {LiveBook: 4 Games} (7. c4 O-O 8. Nc3 c6 9. Rc1 d5 10. cxd5 cxd5 11. Be2 Be6 12. O-O a6 13. f4 exf3 14. Bxf3 {1-0 (31) Jobava,B (2690)-Harikrishna,P (2744) Riadh 2017}) 7... O-O 8. Nd2 d5 {The position is equal.} 9. dxe4 $146 ({Predecessor:} 9. Be2 Re8 10. O-O c6 11. dxe4 dxe4 12. a4 Bf5 13. Nc4 Nd5 14. Re1 {1-0 (37) Enders,P (2448)-Wuttke,H (2140) Radebeul 2016}) 9... dxe4 10. Be2 c5 11. Bb2 Qc7 12. a4 Rd8 13. Qc1 Qa5 14. c4 Bf5 15. Bc3 Qb6 16. Qb2 Rd7 17. O-O-O Rad8 18. h3 Qe6 19. g4 $36 {[%mdl 2048] White fights for an advantage.} Bg6 20. Rdg1 h5 21. gxh5 Bxh5 22. Bxh5 Nxh5 23. Bxg7 {next Qe5 is good for White.} Rxd2 $4 {[%mdl 8192] [#]} (23... f5 $11) 24. Bc3+ $18 Kh7 25. Bxd2 Rd3 26. Bc3 {White is clearly winning.} Bh4 27. Rd1 Qf5 28. Rxd3 exd3 29. Qd2 {Precision: White = 70%, Black = 21%.} 1-0